00425nam a2200169Ia 4500003000400000005001700004008004100021040000700062041000800069082002300077100002700100245004600127260003600173365001300209650001400222650001900236OSt20230516150342.0210423s1979 xx 000 0 und d cAL aeng a338.954 223bMISI aMISRA (S K);PURI (V K) aIndian economy its development experience aNew DelhibWiley and Sonsc1979 b115cINR aEconomics aIndian Economy